000 00539nam a2200193Ia 4500
003 GCL
008 140319s9999 xx 000 0 ara d
040 _aGCL /
_cGCL
082 0 4 _a414.1
_bم ف
100 1 _aمحمد فتيح
245 1 0 _aفى علم اللغة التطبيقى /
_cمحمد فتيح
260 _a[S.N] :
_bدار الفكر العربى ،
_c1989
300 _a118 ص
490 _a
650 0 4 _aطرق التدريس
650 0 4 _aالبلاغة العربية
650 0 4 _aالمعانى
942 _2ddc
_cBK
999 _c32303
_d32303